Občanské právo hmotné 1

Saved in:
Bibliographic Details
Main Author: Lazar, Ján
Other Authors: Švestka, Jiří
Format: Book
Language:Czech
Published: Praha Panorama 1987
Edition:1. vyd.
Tags: Add Tag
No Tags, Be the first to tag this record!

MARC

LEADER 00000nam a2200000 4500
001 c023151
005 20250605073344.8
041 0 |a cze 
044 |a CZ 
245 1 0 |a Občanské právo hmotné 1  |c Ján Lazar, Jiří Švestka a kol. 
250 |a 1. vyd. 
264 1 |a Praha  |b Panorama  |c 1987 
300 |a 418 s. 
100 1 |a Lazar, Ján 
700 1 |a Švestka, Jiří